000 02506nam0a2200445 4500
001 RU\NLR\bibl\1011782
005 20260407124512.0
010 _a5-91232-002-02
_95000
021 _aRU
_b2006-63557
_93172
035 _a(nilc)RSL-KNO-002956854
035 _a(NLR Aleph) 000999410
090 _a569075
_c569075
100 _a20061010d2006 |||y0rusy50 ca
101 0 _arus
102 _aRU
105 _ay |||||||||
106 _ar
200 1 _aТоксическое воздействие загрязненных природных сред на человека
_eэкотоксикология и общая симптоматика заболеваний
_f[авт.-сост.: А. В. Кожаринов и др.
_gМ-во природных ресурсов РФ]
210 _aМосква
_cРППР Рус Консалтинг Групп
_d2006
215 _a63, [1] с.
_d28
225 1 _aСерия "Предотвращение негативного воздействия на окружающую среду"
320 _aБиблиогр. в конце кн.
606 1 _aЭкологическая токсикология
_91463213
_3RU\NLR\auth\66311500
610 0 _aБиологические науки -- Общая экология -- Антропические факторы среды и приспособление к ним -- Химические факторы
610 0 _aЗдравоохранение. Медицинские науки -- Коммунальная гигиена -- Санитарно-гигиеническая оценка загрязнений окружающей среды -- Химические вещества
610 0 _aЗдравоохранение. Медицинские науки -- Токсикология -- Действие ядовитых веществ на организм
610 0 _aэкотоксикология
686 _aЕ081.42,0
_2rubbk
686 _aР121.2,0
_2rubbk
686 _aР284.12,0
_2rubbk
686 _aР284
686 _aР121.102
702 1 _4220
_8rus
_7ca
_aКожаринов
_bА. В.
_gАлександр Владимирович
_3RU\NLR\auth\7745967
_928902
712 0 1 _4570
_aРоссийская Федерация
_bМинистерство природных ресурсов
_3RU\NLR\AUTH\889965966
_9428228
801 0 _aRU
_bРКП
_c20061010
801 1 _aRU
_bРГБ
_c20061010
801 2 _aRU
_bNLR
_c20061121
_grcr
942 _cBOOK
980 _aNB